000 01448nam a2200241Ia 4500
003 Ost
005 20260507075652.0
008 260507s9999||||xx |||||||||||||| ||und||
020 _a16383977
040 _cfsecg
041 _aara
082 _a658.4052
100 _aحواش، جمال
_eمؤلف
245 0 _aالتفاوض في الأزمات والمواقف الطارئة :
_bمع تطبيقات عملية /
_c جمال حواش
260 _aالقاهرة:
_bايتراك للطباعة والنشروالتوزيع,
_c2005
300 _a375 صفحة؛
_bإيضاحات ؛
_c24 سم
504 _aالمراجع ص.361
520 _aمفهوم التفاوض والمصطلحات المشابهة- مجالات وشروط ومقومات التفاوض- شروط التفاوض- مقومات التفاوض الفعال- استراتيجيات وسياسات وتكتيكات التفاوض- سياسات التفاوض- مناهج ووسائل الإتصال التفاوض- أسلوب اختيار وإعداد وتدريب- فريق التفاوض- اجراءات التفاوض- التفاوض الامني- القياسات العملية لإختيار المفاوض- تطبيقات عملية لمواقف تفاضلية- نموذج لخطة عملية التفاوض .
653 _aإدارة الأزمات
653 _aالتفاوض
653 _aالمفاوضات- إدارة الأعمال
942 _cكتاب
999 _c45632
_d45632